Managing for excellence : (Record no. 5405)
[ view plain ]
| 000 -LEADER | |
|---|---|
| fixed length control field | 00902cam a22002532 4500 |
| 001 - CONTROL NUMBER | |
| control field | 0000001714 |
| 005 - DATE AND TIME OF LATEST TRANSACTION | |
| control field | 20151217151825.0 |
| 008 - FIXED-LENGTH DATA ELEMENTS--GENERAL INFORMATION | |
| fixed length control field | 070322s xx 000 0 eng d |
| 020 ## - INTERNATIONAL STANDARD BOOK NUMBER | |
| International Standard Book Number | 0471858072 : |
| Terms of availability | KES $ 19.95 |
| 040 ## - CATALOGING SOURCE | |
| Original cataloging agency | KABU |
| Transcribing agency | KABU |
| 050 #0 - LIBRARY OF CONGRESS CALL NUMBER | |
| Classification number | HD31 |
| Item number | .B73 1984 |
| 100 1# - MAIN ENTRY--PERSONAL NAME | |
| Personal name | Bradford, David L. |
| -- | 0000150686 |
| 245 10 - TITLE STATEMENT | |
| Title | Managing for excellence : |
| Remainder of title | the guide to developing high performance in contemporary organizations / |
| Statement of responsibility, etc. | David L. Bradford, Allan R. Cohen. |
| 260 ## - PUBLICATION, DISTRIBUTION, ETC. (IMPRINT) | |
| Place of publication, distribution, etc. | New York : |
| Name of publisher, distributor, etc. | John Wiley & Sons, |
| Date of publication, distribution, etc. | c1984. |
| 300 ## - PHYSICAL DESCRIPTION | |
| Extent | xii, 301 p. ; |
| Dimensions | 23 cm. |
| 650 #0 - SUBJECT ADDED ENTRY--TOPICAL TERM | |
| Topical term or geographic name as entry element | Management. |
| -- | 0000083920 |
| 650 #0 - SUBJECT ADDED ENTRY--TOPICAL TERM | |
| Topical term or geographic name as entry element | Leadership. |
| -- | 0000150687 |
| 700 1# - ADDED ENTRY--PERSONAL NAME | |
| Personal name | Cohen, Allan R. |
| -- | 0000150688 |
| 908 ## - PUT COMMAND PARAMETER (RLIN) | |
| Put command parameter | 070322 |
| 950 ## - LOCAL HOLDINGS (RLIN) | |
| -- | 1 |
| Withdrawn status | Lost status | Source of classification or shelving scheme | Not for loan | Home library | Current library | Date acquired | Total Checkouts | Full call number | Barcode | Date last seen | Price effective from | Koha item type | Total Renewals | Date last checked out |
|---|---|---|---|---|---|---|---|---|---|---|---|---|---|---|
| Library of Congress Classification | Kabarak, Main Campus | Kabarak, Main Campus | 17/12/2015 | HD31 .B73 1984 | 002257 | 02/08/2024 | 17/12/2015 | General Collection | ||||||
| Library of Congress Classification | Kabarak, Main Campus | Kabarak, Main Campus | 17/12/2015 | HD31 .B73 1984 | 002258 | 02/08/2024 | 17/12/2015 | General Collection | ||||||
| Library of Congress Classification | Kabarak, Main Campus | Kabarak, Main Campus | 17/12/2015 | 6 | HD31 .B73 1984 | 002259 | 02/08/2024 | 17/12/2015 | General Collection | 1 | 09/12/2019 |